Door- Conan gray lyrics - Statistics

General Stats
  • This quiz has been taken 5 times
  • The average score is 222 of 260
Answer Stats
Answer % Correct
Be
100%
But
100%
Close
100%
Could
100%
Do
100%
Doesn't
100%
Door
100%
Even
100%
Exist
100%
Falling
100%
For
100%
go
100%
Good
100%
He
100%
I
100%
It
100%
Just
100%
Love
100%
Me
100%
My
100%
Need
100%
Never
100%
On
100%
Only
100%
Open
100%
Person
100%
So
100%
The
100%
This
100%
To
100%
We
100%
Were
100%
Who
100%
You
100%
A
67%
About
67%
And
67%
Away
67%
Baby
67%
Bead
67%
Bed
67%
Butts
67%
Cab
67%
Calling
67%
Cigarette
67%
Closed
67%
Don't
67%
Eyes
67%
Floor
67%
Found
67%
From
67%
from
67%
Halfway
67%
Headphones
67%
How
67%
I'll
67%
I'm
67%
Keep
67%
Kiss
67%
Know
67%
Left
67%
London
67%
Lonelier
67%
Makes
67%
Myself
67%
Night
67%
Not
67%
Of
67%
Off
67%
One
67%
Opened
67%
Page
67%
Phone
67%
Picking
67%
Porch
67%
Rosary
67%
Same
67%
Savoring
67%
Shared
67%
Sheets
67%
Sing
67%
Slept
67%
Songs
67%
Spilled
67%
Stage
67%
Still
67%
Stop
67%
Taking
67%
That
67%
Train
67%
Turn
67%
Up
67%
Went
67%
When
67%
Wine
67%
Wipe
67%
Wiped
67%
Your
67%
You're
67%
Ah
33%
Else
33%
Find
33%
I've
33%
Somebody
33%
Today
33%
Tried
33%
Word
33%
No matching quizzes found
Score Distribution
Percent of People with Each Score
Percentile by Number Answered
Your Score History
You have not taken this quiz